000 01014nam a22003017a 4500
001 7398
003 FISKH
005 20250711153841.0
008 250711b cb ||||| |||| 00| 0 eng d
020 _a078073002993
040 _aFISKH
_beng
_cFISKH
_dFISKH
050 _aPZ7.D128 M
082 _a121
100 _aDadey, Debbie
245 _aMartians don't take temperatures /
_cby Debbie Dadey and Marcia Thornton Jones
250 _aFirst Scholastic printing, January 1996
260 _aNew York :
_bScholastic ,
_c1996.
300 _a67 pages :
_billustrations ;
_c20 cm .
490 _aThe Adventures of the Bailey School Kids
_v18
505 _aG
520 _aThere are some pretty weird grown-ups living in Bailey City. The kids think the new school nurse is a Martian.
521 8 _a380
_bLexile estimate
521 8 _aG
_bRaz-Plus
650 _aBailey School Kids
_vJuvenile Ficition
700 _aGurney, John Steven
_eIllustrator
942 _2ddc
_cBK
_n0
999 _c7398
_d7398